[Event "Buenos Aire Argentino CC"]
[Site "Buenos Aires"]
[Date "2013.07.04"]
[Round "9.5"]
[White "Guzman, Gaston"]
[Black "Da Fonseca, Jorge"]
[Result "0-1"]
[WhiteElo "1746"]
[BlackElo "1983"]
[PlyCount "90"]
[EventDate "2013.06.13"]
[EventType "swiss"]
[EventRounds "9"]
[EventCountry "ARG"]
[SourceTitle "EXT 2024"]
[Source "ChessBase"]
[SourceDate "2023.10.10"]
[SourceVersion "1"]
[SourceVersionDate "2023.10.10"]
[SourceQuality "1"]

1. e4 e6 2. d4 d5 3. e5 c5 4. c3 Nc6 5. Nf3 Qc7 6. Be3 Bd7 7. c4 cxd4 8. Bxd4 dxc4 9. Bxc4 Bb4+ 10. Nc3 Nge7 11. a3 Ba5 12. Bb3 Nf5 13. 0-0 Nfxd4 14. Nxd4 Bxc3 15. Nb5 Qxe5 16. Nxc3 Rd8 17. Re1 Qd4 18. Nb5 Qxd1 19. Raxd1 Na5 20. Nd6+ Ke7 21. Ba2 Ba4 22. Nf5+ Kf6 23. Rxd8 Rxd8 24. Ng3 Bc2 25. h3 Bg6 26. Ne4+ Bxe4 27. Rxe4 Rd1+ 28. Kh2 Rd2 29. Rb4 Rxf2 30. Kg3 Rf1 31. Rb5 b6 32. Rh5 Ra1 33. b4 Rxa2 34. bxa5 Rxa3+ 35. Kh2 Rxa5 36. Rxh7 Ra3 37. Rh4 a5 38. Rh5 Rb3 39. Rh4 b5 40. Re4 a4 41. Re2 a3 42. Ra2 b4 43. Kg1 Rb2 44. Ra1 a2 45. Kh2 b3 0-1

[Event "Buenos Aires Duchamp Memorial op 4th"]
[Site "Buenos Aires"]
[Date "2012.10.27"]
[Round "5"]
[White "Guzman, Gaston"]
[Black "Guzman, Diego"]
[Result "0-1"]
[WhiteElo "1374"]
[BlackElo "1772"]
[PlyCount "34"]
[EventDate "2012.10.22"]
[EventType "swiss"]
[EventRounds "9"]
[EventCountry "ARG"]
[SourceTitle "EXT 2013"]
[Source "ChessBase"]
[SourceDate "2012.11.22"]
[SourceVersion "1"]
[SourceVersionDate "2012.11.22"]
[SourceQuality "1"]

1. e4 e6 2. d4 d5 3. e5 c5 4. c3 Nc6 5. Nf3 Bd7 6. Be2 Qb6 7. a4 cxd4 8. cxd4 Nxd4 9. Nxd4 Bb4+ 10. Nc3 Ne7 11. 0-0 Nf5 12. Be3 0-0-0 13. Rc1 Kb8 14. Qc2 Nxd4 15. Qd3 Nxe2+ 16. Nxe2 d4 17. Bg5 Rc8 0-1